| 000 | 00754 a2200193 4500 | ||
|---|---|---|---|
| 001 | 63758 | ||
| 005 | 20260407155937.0 | ||
| 008 | 260407a2000 arg spa d | ||
| 003 | AR-UNSa-BCEJYS | ||
| 040 |
_aAR-UNSa-BCEJYS _bspa _cAR-UNSa-BCEJYS |
||
| 080 |
_a657 _xContabilidad |
||
| 245 | 1 | 0 |
_a16ª Jornadas nacionales para estudiantes de contabilidad, administración y economía. 5º Encuentro de jovenes graduados en ciencias económicas _pLibro de exposiciones |
| 264 | 1 |
_aSanta Fe : _b[s.e.] _c2000 |
|
| 300 |
_a263 p. _c25 cm. |
||
| 041 | _aspa | ||
| 942 | _cBK | ||
| 590 | _aniveau_biblio:m niveau_hierar:0 | ||
| 100 | 1 | _aJornadas Nacionales para Estudiantes de Conbilidad, Administración y Economía (16º : 2000 oct. 13-15 : Santa Fe, Argentina) | |
| 999 |
_c8318 _d8318 |
||